| 000 | 00347 a2200121 4500 | ||
|---|---|---|---|
| 000 | nam a22 7a 4500 | ||
| 005 | 20260428101327.0 | ||
| 020 | _a9780226834481 | ||
| 100 |
_aRoberta L. Millstein _91235802 |
||
| 245 | _aThe Land Is Our Community : Aldo Leopold’s Environmental Ethic for the New Millennium | ||
| 260 | _c2024 | ||
| 942 | _cTEXL | ||
| 999 |
_c1848585 _d1848585 |
||